| 000 | 00360nam a2200133Ia 4500 | ||
|---|---|---|---|
| 005 | 20251222141813.0 | ||
| 008 | 251222s9999||||xx |||||||||||||| ||spa|| | ||
| 020 | _a9972-57-079 | ||
| 082 | _a362.185/S36 | ||
| 100 | _aSeinfeld, Janice | ||
| 245 | 0 | _aAnálisis Económico de la Salud | |
| 264 | _bCentro de Investigación Universidad del Pacífico | ||
| 942 | _cLIB | ||
| 999 |
_c6542 _d6542 |
||